00928 2200289 4500001002100000005001500021035002500036090001800061245020300079260003900282300003300321008004100354082001400395084001600409100001700425500003000442650002700472700002600499700003600525040001700561850001200578041000800590250000700598710001700605990000800622990000800630YOGYA00000000004978420180903074725 a0010-081400000049502 aL 439.3 KOE v1 aVerklarend handwoordenboek der Nederlandse taal (tevens vreemde-woordentolk) :bvooral ten dienste van het onderwijs /cM.J. Koenen, J. Endepols, Klaas Hanzen Heeroma, Willem Raymond Renaat Verdeyen3 aGroningen [etc.] :bWolters,c1939 aviiii, 1259 halaman ;c20 cm180903 g 0 dut 04223a439.3 a439.3 KOE v aKoenen, M.J. aTeks dalam bahasa Belanda 4aBahasa Belanda-- Kamus0 aHeeroma, Klaas Hanzen0 aVerdeyen, Willem Raymond Renaat aYOPDYOGbind aYOPDYOG0 adut a19 aEndepols, J. a66A a66A